Housekeeping: Theory and practice (Record no. 20845)

MARC details
000 -LEADER
fixed length control field 00442nam a2200169Ia 4500
008 - FIXED-LENGTH DATA ELEMENTS--GENERAL INFORMATION
fixed length control field 230917s9999||||xx |||||||||||||| ||und||
020 ## - ISBN
Price RS425
040 ## - CATALOGING SOURCE
-- 208498
Original cataloging agency VIVEKANANDA LIBRARY
041 ## - Language
-- English
082 ## - DDC NUMBER
Classification number 647.94 N312H
100 ## - MAIN ENTRY--PERSONAL NAME
Personal name Jagmohan, Negi
245 #0 - TITLE STATEMENT
Title Housekeeping: Theory and practice
260 ## - PUBLICATION, DISTRIBUTION, ETC. (IMPRINT)
Place of publication, distribution, etc New Delhi
Name of publisher, distributor, etc S Chand
Date of publication, distribution, etc 2013
300 ## - PHYSICAL DESCRIPTION
Pages xiii, 457 p.
500 ## - GENERAL NOTE
General note 2563 02/08/2013 5453 10/08/2013 Main Budget
942 ## - ADDED ENTRY ELEMENTS (KOHA)
Koha item type Books
Holdings
Withdrawn status Lost status Damaged status Not for loan Location (home branch) Sublocation or collection (holding branch) Shelving location Date acquired Koha issues (times borrowed) Koha full call number Accession No. Koha date last seen Koha item type
        VIVEKANANDA LIBRARY VIVEKANANDA LIBRARY IHTM Library 30/09/2013 1 647.94 N312H 333536 12/12/2023 Books
        VIVEKANANDA LIBRARY VIVEKANANDA LIBRARY IHTM Library 30/09/2013 1 647.94 N312H 333537 04/11/2024 Books
        VIVEKANANDA LIBRARY VIVEKANANDA LIBRARY IHTM Library 30/09/2013   647.94 N312H 333538 17/09/2023 Books
        VIVEKANANDA LIBRARY VIVEKANANDA LIBRARY IHTM Library 30/09/2013   647.94 N312H 333539 17/09/2023 Books
        VIVEKANANDA LIBRARY VIVEKANANDA LIBRARY IHTM Library 30/09/2013 1 647.94 N312H 333540 06/11/2024 Books
        VIVEKANANDA LIBRARY VIVEKANANDA LIBRARY IHTM Library 30/09/2013   647.94 N312H 338623 17/09/2023 Books
        VIVEKANANDA LIBRARY VIVEKANANDA LIBRARY IHTM Library 30/09/2013 1 647.94 N312H 338624 01/01/2025 Books
        VIVEKANANDA LIBRARY VIVEKANANDA LIBRARY IHTM Library 30/09/2013   647.94 N312H 338625 17/09/2023 Books
        VIVEKANANDA LIBRARY VIVEKANANDA LIBRARY IHTM Library 30/09/2013 1 647.94 N312H 338626 01/01/2025 Books
        VIVEKANANDA LIBRARY VIVEKANANDA LIBRARY IHTM Library 30/09/2013   647.94 N312H 338627 17/09/2023 Books
        VIVEKANANDA LIBRARY VIVEKANANDA LIBRARY IHTM Library 30/09/2013 1 647.94 N312H 338628 26/12/2024 Books
        VIVEKANANDA LIBRARY VIVEKANANDA LIBRARY IHTM Library 30/09/2013   647.94 N312H 338629 17/09/2023 Books
        VIVEKANANDA LIBRARY VIVEKANANDA LIBRARY IHTM Library 30/09/2013   647.94 N312H 338630 17/09/2023 Books
        VIVEKANANDA LIBRARY VIVEKANANDA LIBRARY IHTM Library 30/09/2013 1 647.94 N312H 338631 14/10/2023 Books
        VIVEKANANDA LIBRARY VIVEKANANDA LIBRARY IHTM Library 30/09/2013   647.94 N312H 338632 17/09/2023 Books
© Designed and Maintained by Vivekananda Library, MDU Rohtak